| 000 | 00501nam a22001697a 4500 | ||
|---|---|---|---|
| 003 | OSt | ||
| 005 | 20140310182443.0 | ||
| 008 | 130803t xxu||||| |||| 00| 0 eng d | ||
| 020 | _a9789812657305 | ||
| 050 |
_aR 724 _b.Ed23 2006 |
||
| 245 |
_aEthics of health care : _bRaymond S. Edge; John Randall Groves _ca guide for clinical practice / |
||
| 260 |
_aSingapore : _bThomson Learning Asia, _cc2006. |
||
| 300 |
_axvii, 398 p. : _c23 cm. |
||
| 541 | _j1 | ||
| 562 | _e1 | ||
| 942 |
_2lcc _cSSLC |
||
| 999 |
_c13563 _d13563 |
||